| 000 | 00479nam a22001577a 4500 | ||
|---|---|---|---|
| 005 | 20251108164158.0 | ||
| 008 | 250721s1979 xx 000 0 ara d | ||
| 082 | 1 | 4 | _a301.32/عبد |
| 100 | 1 | _aوهيبه، عبد الفتاح محمد | |
| 245 | 1 | 0 | _aدراسة الاحتياجات والامكانيت / |
| 264 | 1 |
_aبيروت : _bدار النهضة العربية، _c1979. |
|
| 300 | _a327ص : جداول | ||
| 650 | 1 | 7 | _aالسكان |
| 942 |
_2ddc _cBK |
||
| 999 |
_c5619 _d5619 |
||